000 01188nac a22003251u 4500
003 EG-ScBUE
005 20241117103657.0
008 080909t2002 ohua f 001 0 eng d
020 _a9780324066715
020 _a0324066716
040 _aEG-ScBUE
_beng
_erda
_cEG-ScBUE
_dEG-ScBUE
082 0 4 _a519.5
_bAND
_222
100 1 _aAnderson, David Ray,
_eauthor.
245 1 0 _aStatistics for business and economics /
_cDavid R. Anderson, University of Cincinnati, Dennis J. Sweeney, University of Cincinnati, Thomas A. Williams, Rochester Institute of Technology.
250 _aEighth edition.
264 1 _aMason, Ohio :
_bSouth Western,
_c[2002]
264 4 _cc2002
300 _axxv, 884, 84, 10 pages :
_bcolor illustrations ;
_c26 cm
336 _2rdacontent
_atext
_btxt
337 _aunmediated
_2rdamedia
_bn
338 _avolume
_bnc
_2rdacarrier
500 _aIncludes index.
650 7 _aCommercial statistics
_xMethodology.
_2BUEsh
650 7 _aEconomics
_xStatistical methods.
_2BUEsh
650 7 _aStatistics.
_2BUEsh
655 _vReading book
700 1 _aSweeney, Dennis J.,
_eauthor.
700 1 _aWilliams, Thomas Arthur,
_d1944-
_eauthor.
942 _cBB
_2ddc
999 _c4576
_d4576